| 000 | 00464nam a2200181Ia 4500 | ||
|---|---|---|---|
| 005 | 20250317131205.0 | ||
| 008 | 008 250317s9999 xx 000 0 eng d | ||
| 037 | _aTextbook | ||
| 040 |
_aFMSL _beng _cFMSL |
||
| 041 |
_aeng _2eng |
||
| 084 | _qFMSL | ||
| 100 |
_aMilling B E _9738117 |
||
| 245 | 0 | _aHandbook of accounts receivable ficing | |
| 260 |
_aI.B.P _bI.B.P _c1978 |
||
| 300 | _a358p | ||
| 942 | _cTB | ||
| 999 |
_c1267069 _d1267069 |
||